[Event "FRA-chT2"]
[Site "France"]
[Date "2002.02.??"]
[Round "7"]
[White "Donrault, Patrick"]
[Black "Saint Denis, Xavier"]
[Result "0-1"]
[WhiteElo "2267"]
[BlackElo "2146"]
[PlyCount "86"]
[EventDate "2002.??.??"]
[EventType "team"]
[EventRounds "11"]
[EventCountry "FRA"]
[SourceTitle "EXT 2003"]
[Source "ChessBase"]
[SourceDate "2002.11.25"]
[SourceVersion "1"]
[SourceVersionDate "2002.11.25"]
[SourceQuality "1"]

1. d4 d5 2. Nf3 Nf6 3. Bf4 c6 4. e3 Bg4 5. Nbd2 e6 6. Be2 Be7 7. h3 Bh5 8. 0-0 Nbd7 9. c3 0-0 10. g4 Bg6 11. Nh4 a6 12. Nxg6 hxg6 13. f3 Nh7 14. Bg3 Bh4 15. Qe1 Bf6 16. f4 g5 17. Nf3 Re8 18. Bd3 g6 19. Qf2 Qe7 20. Kg2 Rf8 21. Rh1 c5 22. h4 gxf4 23. exf4 cxd4 24. cxd4 Rfc8 25. g5 Bg7 26. Ne5 Nhf8 27. h5 Nxe5 28. dxe5 gxh5 29. Rxh5 Qc5 30. Qd2 Rc7 31. Bf2 Qc6 32. Bd4 Ng6 33. Rah1 Rac8 34. Kg3 Qa4 35. Bb1 Rc4 36. Rd1 Nxf4 37. Kxf4 Rxd4+ 38. Qxd4 Rc4 39. Ke3 Rxd4 40. Rxd4 Qb5 41. g6 f5 42. exf6 Bxf6 43. Rg4 d4+ 0-1

[Event "FRA-chT2"]
[Site "France"]
[Date "2001.11.??"]
[Round "3"]
[White "Saint Denis, Xavier"]
[Black "Guez, Fabien"]
[Result "0-1"]
[WhiteElo "2146"]
[BlackElo "2110"]
[PlyCount "62"]
[EventDate "2002.??.??"]
[EventType "team"]
[EventRounds "11"]
[EventCountry "FRA"]
[SourceTitle "EXT 2003"]
[Source "ChessBase"]
[SourceDate "2002.11.25"]
[SourceVersion "1"]
[SourceVersionDate "2002.11.25"]
[SourceQuality "1"]

1. d4 e6 2. g3 d5 3. Bg2 Nf6 4. Nf3 Be7 5. 0-0 0-0 6. c4 c5 7. cxd5 exd5 8. Nc3 Nc6 9. Bg5 c4 10. Ne5 Be6 11. Nxc6 bxc6 12. f4 Ng4 13. Qd2 f6 14. Bh4 g5 15. f5 gxh4 16. Qf4 Bxf5 17. Qxf5 Qc8 18. Nxd5 cxd5 19. Bxd5+ Kh8 20. Be6 Qc7 21. Qxg4 hxg3 22. h4 Rad8 23. e3 Qb6 24. Rab1 Qb4 25. Qe2 f5 26. Bxf5 Bxh4 27. Bxh7 Qe7 28. Bf5 Qg5 29. Qg4 Qxe3+ 30. Kh1 Qh6 31. Rbd1 Rg8 0-1

[Event "Cannes op-B 18th"]
[Site "Cannes"]
[Date "1997.??.??"]
[Round "7"]
[White "Bujisho, Benjamin"]
[Black "Saint Denis, Xavier"]
[Result "1-0"]
[WhiteElo "2260"]
[BlackElo "2160"]
[PlyCount "81"]
[EventDate "1997.02.22"]
[EventType "swiss"]
[EventRounds "9"]
[EventCountry "FRA"]
[SourceTitle "CBM 057 Extra"]
[Source "ChessBase"]
[SourceDate "1997.05.01"]
[SourceVersion "1"]
[SourceVersionDate "1997.05.01"]
[SourceQuality "1"]

1. e4 e6 2. Qe2 c5 3. g3 Nc6 4. Nf3 g6 5. Bg2 Bg7 6. 0-0 d6 7. c3 Nge7 8. Na3 0-0 9. d3 b6 10. Rd1 Ba6 11. Qc2 b5 12. Be3 Rc8 13. Qd2 b4 14. Nb1 Re8 15. h4 bxc3 16. Nxc3 Nd4 17. Bg5 f6 18. Bh6 Nxf3+ 19. Bxf3 Nc6 20. Bg2 Rb8 21. Bf4 Rb4 22. Be3 Qb6 23. Rab1 Rb8 24. b3 Qa5 25. Ne2 R4b6 26. Qxa5 Nxa5 27. Nf4 Bc8 28. d4 cxd4 29. Bxd4 R6b7 30. Bc3 Nxb3 31. axb3 Rxb3 32. Rxb3 Rxb3 33. Ba5 Bf8 34. Bf1 Kf7 35. Rc1 Rb8 36. Rc7+ Be7 37. Bc4 g5 38. Rxc8 Rxc8 39. Bxe6+ Ke8 40. Bxc8 gxf4 41. gxf4 1-0

[Event "Cannes op-B 18th"]
[Site "Cannes"]
[Date "1997.??.??"]
[Round "3"]
[White "Nannelli, Paolo"]
[Black "Saint Denis, Xavier"]
[Result "1/2-1/2"]
[WhiteElo "2265"]
[BlackElo "2160"]
[PlyCount "43"]
[EventDate "1997.02.22"]
[EventType "swiss"]
[EventRounds "9"]
[EventCountry "FRA"]
[SourceTitle "CBM 057 Extra"]
[Source "ChessBase"]
[SourceDate "1997.05.01"]
[SourceVersion "1"]
[SourceVersionDate "1997.05.01"]
[SourceQuality "1"]

1. d4 d5 2. Nf3 c6 3. c4 e6 4. cxd5 exd5 5. Nc3 Bd6 6. Bg5 Ne7 7. e3 Qb6 8. Bxe7 Bxe7 9. Qc2 0-0 10. Bd3 h6 11. 0-0 a5 12. a3 Nd7 13. Rab1 Qd8 14. b4 b5 15. e4 axb4 16. axb4 Nb6 17. exd5 Nxd5 18. Nxd5 cxd5 19. Qc6 Rb8 20. h3 Be6 21. Rfe1 Rb6 22. Qc3 1/2-1/2

[Event "FRA-ch op Principal"]
[Site "Le Perreux"]
[Date "1994.??.??"]
[Round "3"]
[White "Hostekind, Laurent"]
[Black "Saint Denis, Xavier"]
[Result "1/2-1/2"]
[WhiteElo "1710"]
[BlackElo "2010"]
[PlyCount "88"]
[EventDate "1994.??.??"]
[EventType "swiss"]
[EventRounds "7"]
[EventCountry "FRA"]
[SourceTitle "EXT 2004"]
[Source "ChessBase"]
[SourceDate "2003.11.25"]
[SourceVersion "1"]
[SourceVersionDate "2003.11.25"]
[SourceQuality "1"]

1. Nf3 g6 2. g3 Bg7 3. Bg2 f5 4. 0-0 Nf6 5. c4 0-0 6. Nc3 d6 7. d3 e5 8. Qc2 Nc6 9. a3 h6 10. Rb1 Be6 11. b4 a6 12. e3 Rb8 13. a4 g5 14. Ba3 f4 15. exf4 gxf4 16. b5 axb5 17. axb5 Ne7 18. gxf4 Nh5 19. Ne2 Nxf4 20. Nxf4 Rxf4 21. Bc1 Rf7 22. Kh1 Qd7 23. Rg1 Rbf8 24. Qe2 Bg4 25. Bxh6 Bxh6 26. Bh3 Rg7 27. Rxg4 Rxg4 28. Bxg4 Qe8 29. Rg1 Kh8 30. Nxe5 dxe5 31. Qxe5+ Bg7 32. Qxc7 Rxf2 33. Qxb7 Be5 34. Re1 Rxh2+ 35. Kg1 Qg6 36. Rxe5 Qxg4+ 37. Kxh2 Qf4+ 38. Kg1 Qxe5 39. Qa8+ Kg7 40. Qg2+ Ng6 41. Qe4 Qg3+ 42. Kf1 Nf4 43. Qd4+ Kf7 44. Qd7+ Kf6 1/2-1/2